Logo BPK

Biblioteka

Politechniki Koszalińskiej

Użytkowa grafika komputerowa / (Rekord nr 5430)

Szczegóły MARC
000 -ETYKIETA REKORDU
podpole kontrolne o stałej długości 00511nam a2200193 i 4500
001 - NUMER KONTROLNY REKORDU
pole kontrolne bg
020 ## - MIĘDZYNARODOWY ZNORMALIZOWANY NUMER KSIĄŻKI - ISBN
ISBN 8385601066
040 ## - ŹRÓDŁO KATALOGOWANIA
Instytucja, która utworzyła rekord BPK
041 ## - KOD JĘZYKA
Kod języka tekstu pol
080 ## - UNIWERSALNA KLASYFIKACJA DZIESIĘTNA - UKD
UKD 681.322.06:541/542:514
920 ## - Międzynarodowy znormalizowany numer książki – ISBN
ISBN 83-85601-06-6
008 - POLE O STAŁEJ DŁUGOŚCI - DANE KONTROLNE
podpole kontrolne o stałej długości s pl f |000 0 pol
100 1# - NAZWA OSOBOWA
Nazwa osobowa GIEROŃ, Mirosław
245 #0 - TYTUŁ/ODPOWIEDZIALNOŚĆ
Tytuł Użytkowa grafika komputerowa /
Pozostałe elementy strefy tytułu i oznaczenia odpowiedzialności Mirosław Gieroń.
260 ## - STREFA ADRESU WYDAWNICZEGO
Miejsce wydania Tarnów :
Nazwa wydawcy/dystrybutora "Karat",
Data publikacji, dystrybucji/powstania dokumentu 1992.
300 ## - STREFA OPISU FIZYCZNEGO
Objętość 166 s. :
Inne cechy fizyczne wykr. ;
Rozmiary 21 cm +
Dokument towarzyszący dyskietka.
504 ## - UWAGA DOTYCZĄCA BIBLIOGRAFII
Informacje o bibliografii Bibliogr. s. 164.
856 ## - LOKALIZACJA I DOSTĘP DO ELEKTRONICZNYCH DOKUMENTÓW ZDALNYCH
Link (URL) http://koha.tu.koszalin.pl/cgi-bin/koha/opac-detail.pl?biblionumber=5430
Tekst linku Katalog online BPK
942 ## - DODATKOWE ELEMENTY (KOHA)
Typ dokumentu Książka
Egzemplarze
Wycofany Status egzemplarza Uszkodzony Dostępność Lokalizacja stała Lokalizacja bieżąca Miejsce przechowywania Sygnatura Kod kreskowy Typ dokumentu
      Dostępny Biblioteka Politechniki Koszalińskiej Biblioteka Politechniki Koszalińskiej Wypożyczalnia BG P 44495 01590944 Książka
© 2023 Biblioteka Politechniki Koszalińskiej :: KOHA